| 000 | 01245cam a2200289 i 4500 | ||
|---|---|---|---|
| 003 | SA-RiAUC | ||
| 005 | 20241011152646.0 | ||
| 008 | 241006s2005 su g 00010 ara c | ||
| 020 | _a9960445038 | ||
| 040 |
_aSA-JeALM _bara _cSA-RiAUC _erda |
||
| 072 | 7 | _a026 | |
| 082 | 0 | 4 | _a234.6 |
| 090 |
_a234.6 _bأ ب و ب |
||
| 100 | 1 |
_aأبو بكر خوقير، أبو بكر بن محمد بن عارف، _d1282-1349 هجري _eمؤلف. |
|
| 245 | 1 | 0 |
_aثبت الإثبات الشهيرة / _cتأليف أبو بكر محمد بن عارف خوقير المكي ؛ تحقيق راشد بن عامر بن عبد الله الغفيلي. |
| 250 | _aالطبعة الأولى. | ||
| 264 | 1 |
_aالرياض : _bراشد بن عامر بن عبد الله الغفيلي، _c2004 |
|
| 300 |
_a101 صفحة ؛ _c24 سم. |
||
| 336 |
_aنص _btxt _2rdacontent _3كتاب |
||
| 337 |
_aبدون وسيط _bn _2rdamedia |
||
| 338 |
_aمجلد _bnc _2rdacarrier |
||
| 440 | 0 |
_aتحصيل ما فات من كتب الإجازات والإثبات _v1 |
|
| 650 | 7 |
_aالحديث _xإسناد _2aucsh |
|
| 700 | 1 |
_aالغفيلي، راشد بن عامر عبد الله _eمحقق. |
|
| 942 |
_2ddc _cBOOK _n0 |
||
| 949 |
_aSA-JeALM _d241006 _umohamedma123 _n1 |
||
| 999 |
_c1182 _d1182 |
||